01823nam a2200349 a 4500001001000000003000400010005001700014008004100031020001800072040002500090082001900115100003500134245020300169260004200372300003500414504002700449590002700476700004300503700005000546700002600596700003400622700003300656700003600689700003500725942001400760952013000774952013300904952013901037952014001176952014001316999001701456000045426OSt20201029111003.0150309s2014 dr ac 000 0 spa d a9789945893007 aDO-SdBNPbspacBNPHU axxxxxxbxxxxxx1 aDelgado Mestres, Alicia97347810aHistoria de la refinería dominicana de petróleo S. A. :b(1973-2013) /cAlicia Delgado y Mestres ; colaboradores Eduardo Delgado y Suárez, Néstor Rodríguez Silberberg, Ana Pöu... [et al] aSanto Domingo :bAlfa y Omega,c2014. a81 p. :bil., retrs. ;c23 cm. aBibliografía : p. 81 aInventariado, 2020/ YL12aDelgado Suárez, Eduardoecol.97705512aRodríguez Silberberg, Néstorecol.97705612aPou, Anaecol.97705712aBautista, Joséecol.97705812aMieses, Isaolimecol.97705912aFiguereo, Máximoecol.92058512aMañon, Emmanuelecol.977060 2ddccLBS1 00102ddc56758DSaGRbGRcHDd2019-05-13eArlene BaeziLF1l0oxxxxxx xxxxxxp45426-30r2020-06-25te. 3w2020-06-25yLFDS 00102ddc51718PDaPDbPDcHDd2015-02-02eDonado por la autoraiLF1l0oxxxxxx xxxxxxp45426-10r2020-06-25w2020-06-25yLFPD 00102ddc51718PDaPDbPDcHDd2015-02-02eDonado por la autoraiLF1l0oxxxxxx xxxxxxp45426-20r2020-06-25te. 2w2020-06-25yLFPD 00102ddc56758DSaGRbGRcHDd2015-10-15eEditora Alfa y OmegaiLF1l0oxxxxxx xxxxxxp2020-0286r2020-10-30te. 4w2020-06-25yLFDS 00102ddc56758DSaGRbGRcHDd2015-10-15eEditora Alfa y OmegaiLF1l0oxxxxxx xxxxxxp2020-0287r2020-10-30te. 5w2020-06-25yLFDS c44915d44915